书目信息 |
| 题名: |
非洲概况
|
|
| 作者: | ;中国社会科学院西亚非洲研究所《非洲概况》编写组编 著 | |
| 分册: | ||
| 出版信息: | 北京 世界知识出版社 1981 |
|
| 页数: | 423页 | |
| 开本: | 20cm | |
| 丛书名: | ||
| 单 册: | ||
| 中图分类: | K4 | |
| 科图分类: | ||
| 主题词: | 非洲--历史 | |
| 电子资源: | ||
| ISBN: | ||
| 000 | 00743nam0 2200229 450 | |
| 001 | 1241391408 | |
| 005 | 20121007113029.70 | |
| 010 | @dCNY1.65 | |
| 091 | @a17003.1004 | |
| 100 | @a19960215d1981 em y0chiy0110 ea | |
| 101 | 0 | @achi |
| 102 | @aCN@b110000 | |
| 105 | @af z 000yy | |
| 200 | 1 | @a非洲概况@Afei zhou gai kuang@f中国社会科学院西亚非洲研究所《非洲概况》编写组编 |
| 210 | @a北京@c世界知识出版社@d1981 | |
| 215 | @a423页@c插图@d20cm | |
| 606 | 0 | @a非洲@x历史 |
| 607 | @a非洲@x概说 | |
| 690 | @aK4@v3 | |
| 711 | 02 | @a中国社会科学院西亚非洲研究所《非洲概况》编写组编@Azhong guo she hui ke xue yuan xi ya fei zhou yan jiu suo 《 fei zhou gai kuang 》 bian xie zu bian@4著 |
| 801 | 0 | @aCN@bNLC@c20101222 |
| 905 | @a10447@dK4@eJY15 | |
| 非洲概况/中国社会科学院西亚非洲研究所《非洲概况》编写组编.-北京:世界知识出版社,1981 |
| 423页:插图;20cm |
| ISBN :CNY1.65 |
| ● |
| 相关链接 |
|
|
|
|
正题名:非洲概况
索取号:K4/JY15
 
预约/预借
| 序号 | 登录号 | 条形码 | 馆藏地/架位号 | 状态 | 备注 |
| 1 | 7832522 | 278325224 | 学院路分馆/ [索取号:K4/JY15] | 在馆 |